000 00762nam a2200265 i 4500
001 C2-0247403
003 PPAK
005 20180727212003.0
008 030326s nyu |||| ||||| | eng d
020 _a006106646X
040 _aPPAK
_beng
_cPPAK
_erda
082 0 4 _a823
_223
090 0 0 _a823
_bKAT
_dK
100 1 _aKatschke, Judy,
_eauthor
245 1 4 _aThe case of the dog camp mystery
264 1 _aNew York :
_bHarper Entertainment ; 2001 ,
300 _a84 pages ;
_c20 cm
336 _2rdacontent
_atext
337 _2rdamedia
_aunmediated
338 _2rdacarrier
_avolume
490 1 _aThe new adventures of Mary-Kate & Ashley
650 1 0 _aChildren's stories, English
830 0 _aThe new adventures of Mary-Kate & Ashley
942 _ddc
_cB
999 _c61271
_d61271